Fishery intensification in small water bodies: A review for North America

Management strategies for fish populations in small impoundments are reviewed with consideration given to intensification techniques applied throughout the United States and Canada.

Wedi'i Gadw mewn:
Manylion Llyfryddiaeth
Prif Awdur: Moehl Jr, John F.
Fformat: Llyfr
Iaith:Undetermined
Cyhoeddwyd: Rome FAO 1993
Pynciau:
Tagiau: Ychwanegu Tag
Dim Tagiau, Byddwch y cyntaf i dagio'r cofnod hwn!
Thư viện lưu trữ: Trung tâm Học liệu Trường Đại học Cần Thơ
LEADER 00789nam a2200205Ia 4500
001 CTU_159955
008 210402s9999 xx 000 0 und d
082 |a 639.3 
082 |b M693/N333 
100 |a Moehl Jr, John F. 
245 0 |a Fishery intensification in small water bodies: 
245 2 |b A review for North America 
245 0 |c By John F. Moehl Jr, William D. Davies 
260 |a Rome 
260 |b FAO 
260 |c 1993 
520 |a Management strategies for fish populations in small impoundments are reviewed with consideration given to intensification techniques applied throughout the United States and Canada. 
650 |a Fishery management,Saltwater fishing,Quản lý nghề cá 
904 |i Năm 
980 |a Trung tâm Học liệu Trường Đại học Cần Thơ